| 000 | 01185ngm a22003730a 4500 | ||
|---|---|---|---|
| 001 | PT13983 | ||
| 003 | AR-LpoUNG | ||
| 005 | 20210202000531.0 | ||
| 007 | vd cvaizq | ||
| 008 | 191001s1998||||ag |||||||||||||||||spa d | ||
| 037 | _c$33.33 | ||
| 040 |
_aAR-LpoUNG _bspa _cAR-LpoUNG _eaacr |
||
| 041 | _aspa | ||
| 044 | _aag | ||
| 082 | 0 | _a909.8 591v10 | |
| 245 | 1 | 0 |
_a1969-1973, el mundo en la Luna : _bdel cordobazo a la mayor hazaña del hombre |
| 260 |
_aBuenos Aires : _bArte Gráfico Editorial Argentino, _c1998. |
||
| 300 | _aVHS (35 min.) : son., col. | ||
| 520 | _aSumario: La mayor azaña del hombre; Neil Amstraong en la Luna; Del cordobazo al gran acuerdo; Asume Lanusse; Japón potencia industrial; Nobel de química; La calle Florida, peatonal; Los juegos olímpicos de Munich. | ||
| 650 | 4 | _aARGENTINA | |
| 650 | 4 | _aARTE | |
| 650 | 4 | _aBIOGRAFIAS | |
| 650 | 4 | _aFUERZAS ARMADAS | |
| 650 | 4 | _aINFRAESTRUCTURA FISICA | |
| 650 | 4 | _aLITERATURA | |
| 650 | 4 | _aOBRAS PUBLICAS | |
| 650 | 4 | _aPROBLEMAS SOCIALES | |
| 650 | 4 | _aREVOLUCION | |
| 650 | 4 | _aVIOLENCIA | |
| 653 | _aVIDEOS | ||
| 710 | 2 | _aClarín (Buenos Aires) | |
| 905 | _a13983 | ||
| 942 | _cVIDEO | ||
| 999 |
_c55043 _d55043 |
||